[Event "DEM U18w 2021"]
[Site "Willingen GER"]
[Date "2021.08.26"]
[Round "5"]
[White "Müdder, Melanie"]
[Black "Wagner, Victoria"]
[Result "0-1"]
[Termination "normal"]
[Board "2"]
[WhiteElo "1959"]
[BlackElo "1657"]
[WhiteClock "00:30:46"]
[BlackClock "00:23:08"]
[PlyCount "122"]
[WhiteFideId "12994103"]
[BlackFideId "16232348"]
[EventCountry "GER"]
[EventRounds "9"]
[EventType "swiss"]
[EventDate "2021.08.22"]

1. e4 {[%clk 1:30:58]} e5 {[%clk 1:30:54]} 2. Nf3 {[%clk 1:31:06]} Nc6 {[%clk
1:31:18]} 3. Bc4 {[%clk 1:31:18]} Be7 {[%clk 1:31:23]} 4. d4 {[%clk 1:30:54]}
exd4 {[%clk 1:31:19]} 5. Nxd4 {[%clk 1:29:46]} Nf6 {[%clk 1:30:09]} 6. Nc3
{[%clk 1:28:59]} d6 {[%clk 1:28:23]} 7. O-O {[%clk 1:26:29]} O-O {[%clk
1:28:29]} 8. h3 {[%clk 1:17:34]} Ne5 {[%clk 1:26:42]} 9. Be2 {[%clk 1:16:44]}
c5 {[%clk 1:22:10]} 10. Nf3 {[%clk 1:07:53]} h6 {[%clk 1:12:01]} 11. Bf4 {[%clk
1:03:41]} Qc7 {[%clk 1:05:22]} 12. Qd2 {[%clk 0:52:04]} Kh7 {[%clk 0:59:23]}
13. Rad1 {[%clk 0:47:41]} a6 {[%clk 0:53:16]} 14. a4 {[%clk 0:45:52]} Be6
{[%clk 0:49:54]} 15. Bxe5 {[%clk 0:35:16]} dxe5 {[%clk 0:50:01]} 16. Nd5 {[%clk
0:35:36]} Bxd5 {[%clk 0:40:44]} 17. exd5 {[%clk 0:36:01]} Rad8 {[%clk 0:40:46]}
18. c4 {[%clk 0:31:52]} e4 {[%clk 0:34:38]} 19. Qc2 {[%clk 0:29:17]} Kh8 {[%clk
0:32:03]} 20. Nd2 {[%clk 0:28:09]} Qf4 {[%clk 0:30:41]} 21. Rfe1 {[%clk
0:25:49]} Bd6 {[%clk 0:27:10]} 22. Nf1 {[%clk 0:23:54]} Rfe8 {[%clk 0:26:56]}
23. Qd2 {[%clk 0:22:05]} Qh4 {[%clk 0:18:40]} 24. Ne3 {[%clk 0:16:01]} Qf4
{[%clk 0:17:02]} 25. g3 {[%clk 0:14:37]} Qg5 {[%clk 0:13:26]} 26. Ng4 {[%clk
0:11:58]} e3 {[%clk 0:10:52]} 27. Qd3 {[%clk 0:08:41]} exf2+ {[%clk 0:08:30]}
28. Kxf2 {[%clk 0:08:33]} Ne4+ {[%clk 0:08:12]} 29. Kg2 {[%clk 0:08:47]} f5
{[%clk 0:05:16]} 30. h4 {[%clk 0:04:18]} Qg6 {[%clk 0:04:48]} 31. Bf3 {[%clk
0:04:01]} h5 {[%clk 0:02:56]} 32. Bxe4 {[%clk 0:02:07]} fxe4 {[%clk 0:03:14]}
33. Qe2 {[%clk 0:02:13]} Qxg4 {[%clk 0:03:07]} 34. Qxg4 {[%clk 0:02:23]} hxg4
{[%clk 0:03:31]} 35. Re2 {[%clk 0:02:26]} Re7 {[%clk 0:02:36]} 36. Rf1 {[%clk
0:02:32]} Rde8 {[%clk 0:01:37]} 37. Rf5 {[%clk 0:02:25]} e3 {[%clk 0:01:32]}
38. Rg5 {[%clk 0:02:29]} Re4 {[%clk 0:01:40]} 39. Rg6 {[%clk 0:02:43]} Bc7
{[%clk 0:01:01]} 40. d6 {[%clk 0:02:12]} Ba5 {[%clk 0:00:57]} 41. h5 {[%clk
0:01:37]} R8e6 {[%clk 0:28:26]} 42. Rg5 {[%clk 0:31:05]} R4e5 {[%clk 0:26:10]}
43. Rxg4 {[%clk 0:31:06]} Rxd6 {[%clk 0:26:24]} 44. Kf3 {[%clk 0:30:24]} Rd4
{[%clk 0:25:10]} 45. Rf4 {[%clk 0:29:43]} Bd2 {[%clk 0:24:09]} 46. Rh2 {[%clk
0:28:16]} Rxf4+ {[%clk 0:23:40]} 47. gxf4 {[%clk 0:28:24]} e2 {[%clk 0:21:40]}
48. Rxe2 {[%clk 0:28:47]} Rxe2 {[%clk 0:22:07]} 49. Kxe2 {[%clk 0:29:11]} Bxf4
{[%clk 0:22:35]} 50. Kf3 {[%clk 0:29:32]} Be5 {[%clk 0:22:47]} 51. b3 {[%clk
0:29:52]} Kh7 {[%clk 0:22:45]} 52. Ke4 {[%clk 0:30:15]} Bc3 {[%clk 0:21:20]}
53. Kd5 {[%clk 0:30:27]} Bb4 {[%clk 0:21:39]} 54. Kd6 {[%clk 0:30:16]} a5
{[%clk 0:21:34]} 55. Kc7 {[%clk 0:30:10]} Kh6 {[%clk 0:21:56]} 56. Kb6 {[%clk
0:29:11]} Kxh5 {[%clk 0:22:12]} 57. Kb5 {[%clk 0:29:34]} g5 {[%clk 0:22:26]}
58. Kb6 {[%clk 0:29:56]} g4 {[%clk 0:22:39]} 59. Kb5 {[%clk 0:30:21]} g3 {[%clk
0:22:59]} 60. Kb6 {[%clk 0:30:47]} g2 {[%clk 0:23:03]} 61. Kb5 {[%clk 0:30:46]}
g1=Q {[%clk 0:23:08]} 0-1

[Event "DEM U18w 2021"]
[Site "Willingen GER"]
[Date "2021.08.26"]
[Round "5"]
[White "Garbuz, Nicole"]
[Black "Bui, Ngoc Han Julia"]
[Result "1/2-1/2"]
[Termination "normal"]
[Board "3"]
[WhiteElo "1695"]
[BlackElo "1891"]
[WhiteClock "00:03:54"]
[BlackClock "00:09:47"]
[PlyCount "143"]
[WhiteFideId "12990701"]
[BlackFideId "12977055"]
[EventCountry "GER"]
[EventRounds "9"]
[EventType "swiss"]
[EventDate "2021.08.22"]

1. e4 {[%clk 1:30:57]} c5 {[%clk 1:30:52]} 2. d4 {[%clk 1:31:21]} cxd4 {[%clk
1:31:17]} 3. c3 {[%clk 1:31:46]} dxc3 {[%clk 1:31:41]} 4. Nxc3 {[%clk 1:32:09]}
Nc6 {[%clk 1:31:32]} 5. Nf3 {[%clk 1:32:32]} a6 {[%clk 1:30:55]} 6. Bc4 {[%clk
1:32:55]} e6 {[%clk 1:30:51]} 7. O-O {[%clk 1:33:05]} Nge7 {[%clk 1:30:06]} 8.
Bg5 {[%clk 1:33:25]} h6 {[%clk 1:29:55]} 9. Be3 {[%clk 1:33:43]} b5 {[%clk
1:24:51]} 10. Bb3 {[%clk 1:34:02]} Ng6 {[%clk 1:22:33]} 11. Nd5 {[%clk
1:06:09]} exd5 {[%clk 1:15:45]} 12. exd5 {[%clk 1:04:57]} Be7 {[%clk 1:08:35]}
13. dxc6 {[%clk 0:52:29]} dxc6 {[%clk 1:05:42]} 14. Qc2 {[%clk 0:51:42]} Bd7
{[%clk 0:49:59]} 15. Rfe1 {[%clk 0:42:43]} Qc8 {[%clk 0:42:08]} 16. Bc5 {[%clk
0:34:52]} Bf5 {[%clk 0:35:35]} 17. Qe2 {[%clk 0:34:09]} O-O {[%clk 0:32:46]}
18. Bxe7 {[%clk 0:29:17]} Re8 {[%clk 0:33:03]} 19. Nd4 {[%clk 0:14:23]} Rxe7
{[%clk 0:24:46]} 20. Qf3 {[%clk 0:14:27]} Bg4 {[%clk 0:20:32]} 21. Qxc6 {[%clk
0:13:27]} Qxc6 {[%clk 0:18:40]} 22. Nxc6 {[%clk 0:13:48]} Ree8 {[%clk 0:15:41]}
23. h3 {[%clk 0:12:43]} Bf5 {[%clk 0:14:16]} 24. Nd4 {[%clk 0:10:03]} Be4
{[%clk 0:13:03]} 25. Bc2 {[%clk 0:09:02]} Bxc2 {[%clk 0:12:29]} 26. Nxc2 {[%clk
0:09:28]} Rxe1+ {[%clk 0:12:03]} 27. Rxe1 {[%clk 0:09:14]} Rd8 {[%clk 0:12:11]}
28. Nb4 {[%clk 0:06:53]} a5 {[%clk 0:11:20]} 29. Nc6 {[%clk 0:07:14]} Rd2
{[%clk 0:11:36]} 30. Nxa5 {[%clk 0:06:53]} Rxb2 {[%clk 0:11:57]} 31. a3 {[%clk
0:06:59]} Nf4 {[%clk 0:11:14]} 32. Nc6 {[%clk 0:02:15]} Nd3 {[%clk 0:11:13]}
33. Rf1 {[%clk 0:02:01]} g6 {[%clk 0:08:17]} 34. Nd4 {[%clk 0:01:59]} Ne5
{[%clk 0:08:15]} 35. Ra1 {[%clk 0:01:12]} Nd3 {[%clk 0:07:28]} 36. Rf1 {[%clk
0:01:31]} Kg7 {[%clk 0:07:32]} 37. Rd1 {[%clk 0:01:11]} Nxf2 {[%clk 0:07:29]}
38. Rf1 {[%clk 0:01:23]} Ne4 {[%clk 0:07:26]} 39. Rf3 {[%clk 0:01:02]} Nd6
{[%clk 0:06:00]} 40. Kh2 {[%clk 0:00:46]} Rd2 {[%clk 0:05:08]} 41. Nc6 {[%clk
0:28:49]} Nc4 {[%clk 0:33:59]} 42. Rb3 {[%clk 0:25:42]} Nd6 {[%clk 0:29:37]}
43. Na7 {[%clk 0:25:12]} Rd5 {[%clk 0:29:25]} 44. Rb4 {[%clk 0:24:46]} Rc5
{[%clk 0:23:23]} 45. Rd4 {[%clk 0:19:38]} Nf5 {[%clk 0:21:58]} 46. Rb4 {[%clk
0:19:58]} Nd6 {[%clk 0:21:28]} 47. Rd4 {[%clk 0:20:07]} Ne8 {[%clk 0:15:10]}
48. a4 {[%clk 0:19:25]} bxa4 {[%clk 0:15:01]} 49. Rxa4 {[%clk 0:19:49]} Nc7
{[%clk 0:12:55]} 50. Rd4 {[%clk 0:14:24]} Ne6 {[%clk 0:11:57]} 51. Rd2 {[%clk
0:14:31]} Kf6 {[%clk 0:12:07]} 52. Rf2+ {[%clk 0:14:25]} Ke7 {[%clk 0:12:21]}
53. Rb2 {[%clk 0:14:13]} Nc7 {[%clk 0:12:14]} 54. Nc8+ {[%clk 0:13:34]} Kd7
{[%clk 0:12:27]} 55. Nb6+ {[%clk 0:13:57]} Ke6 {[%clk 0:12:29]} 56. Re2+ {[%clk
0:13:45]} Re5 {[%clk 0:12:42]} 57. Rc2 {[%clk 0:13:29]} Ne8 {[%clk 0:12:33]}
58. Rc8 {[%clk 0:12:11]} Nd6 {[%clk 0:11:19]} 59. Rc6 {[%clk 0:11:31]} Re1
{[%clk 0:10:59]} 60. Nc4 {[%clk 0:10:04]} Rd1 {[%clk 0:11:22]} 61. Nxd6 {[%clk
0:10:02]} Rxd6 {[%clk 0:11:49]} 62. Rc3 {[%clk 0:09:59]} Kf6 {[%clk 0:11:59]}
63. Rf3+ {[%clk 0:10:16]} Kg7 {[%clk 0:12:25]} 64. Kg3 {[%clk 0:09:17]} h5
{[%clk 0:12:47]} 65. Kh2 {[%clk 0:08:14]} Rd2 {[%clk 0:13:13]} 66. Kg1 {[%clk
0:07:37]} Ra2 {[%clk 0:13:37]} 67. g3 g5 68. h4 {[%clk 0:03:12]} g4 {[%clk
0:12:48]} 69. Rf5 {[%clk 0:03:22]} Kg6 {[%clk 0:13:14]} 70. Rg5+ {[%clk
0:03:33]} Kh6 {[%clk 0:13:30]} 71. Rf5 {[%clk 0:03:54]} Ra7 {[%clk 0:09:47]}
72. Kf2 1/2-1/2

[Event "DEM U18w 2021"]
[Site "Willingen GER"]
[Date "2021.08.26"]
[Round "5"]
[White "Bardorz, Jana"]
[Black "Stowicek, Yara Mathilda"]
[Result "1/2-1/2"]
[Termination "normal"]
[Board "4"]
[WhiteElo "1883"]
[BlackElo "1823"]
[WhiteClock "00:09:23"]
[BlackClock "00:15:24"]
[PlyCount "99"]
[WhiteFideId "16208897"]
[BlackFideId "16203569"]
[EventCountry "GER"]
[EventRounds "9"]
[EventType "swiss"]
[EventDate "2021.08.22"]

1. e4 {[%clk 1:30:56]} e5 {[%clk 1:30:54]} 2. Nf3 {[%clk 1:31:19]} Nc6 {[%clk
1:31:15]} 3. Bb5 {[%clk 1:31:42]} a6 {[%clk 1:31:09]} 4. Ba4 {[%clk 1:32:06]}
Nf6 {[%clk 1:31:20]} 5. Nc3 {[%clk 1:32:29]} Bd6 {[%clk 1:28:20]} 6. d3 {[%clk
1:28:32]} h6 {[%clk 1:28:27]} 7. O-O {[%clk 1:27:09]} O-O {[%clk 1:28:41]} 8.
a3 {[%clk 1:23:21]} Re8 {[%clk 1:26:41]} 9. Re1 {[%clk 1:17:30]} Bf8 {[%clk
1:22:26]} 10. Nd5 {[%clk 1:07:16]} b5 {[%clk 1:08:20]} 11. Bb3 {[%clk 1:07:27]}
d6 {[%clk 1:05:27]} 12. c3 {[%clk 1:02:05]} Na5 {[%clk 0:56:15]} 13. Ba2 {[%clk
1:00:54]} c6 {[%clk 0:50:47]} 14. Nxf6+ {[%clk 0:59:16]} Qxf6 {[%clk 0:50:48]}
15. b4 {[%clk 0:59:17]} Nb7 {[%clk 0:50:55]} 16. a4 {[%clk 0:55:16]} Be6 {[%clk
0:46:52]} 17. Bb2 {[%clk 0:46:07]} Bxa2 {[%clk 0:43:20]} 18. Rxa2 {[%clk
0:46:31]} Qe6 {[%clk 0:34:10]} 19. Qa1 {[%clk 0:40:06]} Qc8 {[%clk 0:31:33]}
20. Ra3 {[%clk 0:34:00]} Nd8 {[%clk 0:19:13]} 21. Qa2 {[%clk 0:31:22]} Ne6
{[%clk 0:10:19]} 22. Ra1 {[%clk 0:30:12]} Rb8 {[%clk 0:09:48]} 23. Bc1 {[%clk
0:24:19]} c5 {[%clk 0:05:47]} 24. Be3 {[%clk 0:22:42]} g5 {[%clk 0:01:04]} 25.
axb5 {[%clk 0:19:33]} axb5 {[%clk 0:01:30]} 26. Ra7 {[%clk 0:18:36]} Re7 {[%clk
0:01:32]} 27. Qd5 {[%clk 0:16:41]} cxb4 {[%clk 0:01:19]} 28. cxb4 {[%clk
0:14:54]} Nf4 {[%clk 0:01:12]} 29. Qb3 {[%clk 0:10:30]} Qg4 {[%clk 0:01:06]}
30. Bxf4 {[%clk 0:10:17]} Qxf4 {[%clk 0:01:27]} 31. h3 {[%clk 0:08:36]} Rxa7
{[%clk 0:01:05]} 32. Rxa7 {[%clk 0:08:54]} Qc1+ {[%clk 0:01:26]} 33. Kh2 {[%clk
0:08:29]} Qf4+ {[%clk 0:01:40]} 34. Kh1 {[%clk 0:08:21]} Rc8 {[%clk 0:01:08]}
35. Ra1 {[%clk 0:06:29]} Rc1+ {[%clk 0:00:55]} 36. Rxc1 {[%clk 0:06:54]} Qxc1+
{[%clk 0:01:20]} 37. Ng1 {[%clk 0:05:35]} Qc6 {[%clk 0:01:13]} 38. Ne2 {[%clk
0:03:41]} Kg7 {[%clk 0:00:56]} 39. Ng3 {[%clk 0:02:57]} Kg6 {[%clk 0:00:36]}
40. Qd1 {[%clk 0:01:38]} Qc8 {[%clk 0:00:38]} 41. Qh5+ {[%clk 0:26:27]} Kf6
{[%clk 0:29:17]} 42. Qf3+ {[%clk 0:26:07]} Kg6 {[%clk 0:28:46]} 43. Kh2 {[%clk
0:23:01]} Qe6 {[%clk 0:26:44]} 44. Qh5+ {[%clk 0:21:32]} Kh7 {[%clk 0:26:13]}
45. Qf3 {[%clk 0:19:49]} Kg6 {[%clk 0:26:04]} 46. Nf5 {[%clk 0:18:32]} Qb3
{[%clk 0:24:33]} 47. Ne3 {[%clk 0:11:51]} Qxd3 {[%clk 0:16:05]} 48. Qf5+ {[%clk
0:11:41]} Kg7 {[%clk 0:16:13]} 49. Nd5 {[%clk 0:12:01]} Qc4 {[%clk 0:15:24]}
50. f3 {[%clk 0:09:23]} 1/2-1/2

[Event "DEM U18w 2021"]
[Site "Willingen GER"]
[Date "2021.08.26"]
[Round "5"]
[White "Peglau, Dora"]
[Black "Basovskiy, Jana"]
[Result "0-1"]
[Termination "normal"]
[Board "5"]
[WhiteElo "1906"]
[BlackElo "1784"]
[WhiteClock "00:00:38"]
[BlackClock "00:33:23"]
[PlyCount "64"]
[WhiteFideId "16220005"]
[BlackFideId "16208617"]
[EventCountry "GER"]
[EventRounds "9"]
[EventType "swiss"]
[EventDate "2021.08.22"]

1. e4 {[%clk 1:30:56]} c5 {[%clk 1:30:55]} 2. Nf3 {[%clk 1:31:17]} e6 {[%clk
1:31:21]} 3. d4 {[%clk 1:31:36]} cxd4 {[%clk 1:31:47]} 4. Nxd4 {[%clk 1:31:59]}
Nf6 {[%clk 1:32:12]} 5. Nc3 {[%clk 1:32:13]} Nc6 {[%clk 1:32:38]} 6. Ndb5
{[%clk 1:31:55]} Bc5 {[%clk 1:32:58]} 7. Bf4 {[%clk 1:32:13]} O-O {[%clk
1:33:19]} 8. Bc7 {[%clk 1:32:35]} Qe7 {[%clk 1:33:42]} 9. Bd6 {[%clk 1:33:01]}
Bxd6 {[%clk 1:34:01]} 10. Qxd6 {[%clk 1:33:25]} Qd8 {[%clk 1:33:04]} 11. O-O-O
{[%clk 1:33:34]} a6 {[%clk 1:33:23]} 12. Nd4 {[%clk 1:33:57]} Qb6 {[%clk
1:33:18]} 13. Nxc6 {[%clk 1:32:28]} bxc6 {[%clk 1:33:28]} 14. f4 {[%clk
1:20:37]} Ng4 {[%clk 1:06:03]} 15. Qd4 {[%clk 1:15:55]} Qxd4 {[%clk 1:03:01]}
16. Rxd4 {[%clk 1:16:15]} e5 {[%clk 0:57:12]} 17. fxe5 {[%clk 1:13:29]} Re8
{[%clk 0:57:06]} 18. Be2 {[%clk 1:04:05]} Nxe5 {[%clk 0:57:12]} 19. Rf1 {[%clk
1:03:04]} Kf8 {[%clk 0:49:29]} 20. Na4 {[%clk 0:52:22]} a5 {[%clk 0:46:34]} 21.
Nb6 {[%clk 0:42:16]} Rb8 {[%clk 0:44:43]} 22. Nc4 {[%clk 0:39:36]} Nxc4 {[%clk
0:42:19]} 23. Bxc4 {[%clk 0:39:05]} f6 {[%clk 0:42:26]} 24. Bd3 {[%clk
0:31:47]} Re5 {[%clk 0:41:46]} 25. a4 {[%clk 0:21:10]} Ke7 {[%clk 0:36:56]} 26.
b3 {[%clk 0:18:02]} d6 {[%clk 0:35:27]} 27. Re1 {[%clk 0:08:57]} Be6 {[%clk
0:34:28]} 28. Bf1 {[%clk 0:08:48]} f5 {[%clk 0:33:28]} 29. Red1 {[%clk
0:05:50]} fxe4 {[%clk 0:32:42]} 30. Rxd6 {[%clk 0:04:34]} Bd5 {[%clk 0:32:57]}
31. R6xd5 {[%clk 0:01:34]} cxd5 {[%clk 0:33:20]} 32. Be2 {[%clk 0:00:38]} Rf8
{[%clk 0:33:23]} 0-1

[Event "DEM U18w 2021"]
[Site "Willingen GER"]
[Date "2021.08.26"]
[Round "5"]
[White "Schmidt, Antonia"]
[Black "Peschel, Julia"]
[Result "1-0"]
[Termination "normal"]
[Board "6"]
[WhiteElo "1651"]
[BlackElo "1410"]
[WhiteClock "00:33:28"]
[BlackClock "00:23:43"]
[PlyCount "107"]
[WhiteFideId "16291280"]
[BlackFideId "16255593"]
[EventCountry "GER"]
[EventRounds "9"]
[EventType "swiss"]
[EventDate "2021.08.22"]

1. c4 {[%clk 1:30:57]} e5 {[%clk 1:30:51]} 2. Nc3 {[%clk 1:31:22]} Nc6 {[%clk
1:31:06]} 3. g3 {[%clk 1:31:32]} Bc5 {[%clk 1:31:23]} 4. e3 {[%clk 1:31:39]} d6
{[%clk 1:27:56]} 5. Bg2 {[%clk 1:30:51]} f5 {[%clk 1:23:42]} 6. Nge2 {[%clk
1:29:10]} Nf6 {[%clk 1:24:01]} 7. O-O {[%clk 1:29:10]} O-O {[%clk 1:24:15]} 8.
Na4 {[%clk 1:21:58]} Bb6 {[%clk 1:23:42]} 9. Nxb6 {[%clk 1:19:19]} axb6 {[%clk
1:23:54]} 10. d3 {[%clk 1:19:09]} Qe8 {[%clk 1:23:13]} 11. Nc3 {[%clk 1:10:43]}
Nh5 {[%clk 1:15:14]} 12. Nd5 {[%clk 1:08:36]} Qf7 {[%clk 0:57:02]} 13. Nxc7
{[%clk 1:08:09]} Qxc7 {[%clk 0:57:05]} 14. Qxh5 {[%clk 1:08:34]} Nb4 {[%clk
0:55:47]} 15. Qd1 {[%clk 1:05:36]} Bd7 {[%clk 0:44:07]} 16. Qb3 {[%clk
1:02:49]} Nc6 {[%clk 0:27:56]} 17. c5+ {[%clk 0:33:41]} Kh8 {[%clk 0:28:18]}
18. cxd6 {[%clk 0:33:57]} Qxd6 {[%clk 0:19:48]} 19. Bd2 {[%clk 0:30:34]} Be6
{[%clk 0:14:44]} 20. Qxb6 {[%clk 0:26:46]} e4 {[%clk 0:14:09]} 21. d4 {[%clk
0:26:38]} Rxa2 {[%clk 0:10:33]} 22. Rxa2 {[%clk 0:24:06]} Bxa2 23. Ra1 {[%clk
0:24:18]} Bd5 {[%clk 0:10:57]} 24. Bf1 {[%clk 0:24:23]} Qh6 {[%clk 0:09:55]}
25. Qc5 {[%clk 0:20:59]} Rd8 {[%clk 0:09:33]} 26. b4 {[%clk 0:19:23]} Qe6
{[%clk 0:07:21]} 27. b5 {[%clk 0:15:44]} Ne7 {[%clk 0:07:37]} 28. Bb4 {[%clk
0:15:49]} Ng6 {[%clk 0:07:28]} 29. b6 {[%clk 0:12:32]} Rc8 {[%clk 0:04:55]} 30.
Qd6 {[%clk 0:12:35]} Qxd6 {[%clk 0:04:55]} 31. Bxd6 {[%clk 0:13:03]} Kg8 {[%clk
0:04:32]} 32. Bh3 {[%clk 0:11:54]} Be6 {[%clk 0:04:17]} 33. Bc7 {[%clk
0:10:56]} Ne7 {[%clk 0:04:31]} 34. Bd6 {[%clk 0:09:21]} Nd5 {[%clk 0:04:12]}
35. Bc5 {[%clk 0:09:42]} g6 {[%clk 0:03:25]} 36. Ra7 {[%clk 0:07:45]} Nxb6
{[%clk 0:03:18]} 37. Rxb7 {[%clk 0:07:57]} Nd7 {[%clk 0:03:20]} 38. Ba3 {[%clk
0:07:52]} Rc3 {[%clk 0:02:51]} 39. Bb2 {[%clk 0:07:41]} Rc6 {[%clk 0:02:11]}
40. d5 {[%clk 0:06:56]} Bxd5 {[%clk 0:00:54]} 41. Rxd7 {[%clk 0:07:18]} Rc5
{[%clk 0:01:20]} 42. Rg7+ {[%clk 0:06:22]} Kf8 {[%clk 0:00:38]} 43. Ba3 {[%clk
0:06:41]} Kxg7 {[%clk 0:01:00]} 44. Bxc5 {[%clk 0:07:08]} Kf6 {[%clk 0:01:00]}
45. Bf1 {[%clk 0:07:27]} Ke6 {[%clk 0:30:20]} 46. Be2 {[%clk 0:37:18]} Ke5
{[%clk 0:29:36]} 47. g4 {[%clk 0:37:30]} Kf6 {[%clk 0:29:12]} 48. Kg2 {[%clk
0:35:00]} Ke6 {[%clk 0:26:03]} 49. Kg3 {[%clk 0:35:04]} Kf6 {[%clk 0:25:00]}
50. Ba6 {[%clk 0:34:59]} h5 {[%clk 0:23:20]} 51. gxh5 {[%clk 0:33:01]} gxh5
{[%clk 0:23:35]} 52. Bc8 {[%clk 0:33:01]} Kg5 {[%clk 0:23:23]} 53. Be7+ {[%clk
0:33:17]} Kg6 {[%clk 0:23:43]} 54. Kf4 {[%clk 0:33:28]} 1-0

[Event "DEM U18w 2021"]
[Site "Willingen GER"]
[Date "2021.08.26"]
[Round "5"]
[White "Trams, Emma Joe"]
[Black "Fock, Amina"]
[Result "1-0"]
[Termination "normal"]
[Board "7"]
[WhiteElo "1466"]
[BlackElo "1828"]
[WhiteClock "00:54:40"]
[BlackClock "00:02:35"]
[PlyCount "129"]
[WhiteFideId "16206517"]
[BlackFideId "12981982"]
[EventCountry "GER"]
[EventRounds "9"]
[EventType "swiss"]
[EventDate "2021.08.22"]

1. e4 {[%clk 1:30:57]} e5 {[%clk 1:30:54]} 2. Nf3 {[%clk 1:31:22]} Nc6 {[%clk
1:31:19]} 3. Bb5 {[%clk 1:31:46]} a6 {[%clk 1:31:43]} 4. Ba4 {[%clk 1:32:11]}
b5 {[%clk 1:32:05]} 5. Bb3 {[%clk 1:32:34]} Na5 {[%clk 1:32:28]} 6. c3 {[%clk
1:32:53]} Nxb3 {[%clk 1:31:57]} 7. Qxb3 {[%clk 1:33:17]} Bb7 {[%clk 1:24:05]}
8. d3 {[%clk 1:33:18]} d6 {[%clk 1:22:37]} 9. O-O {[%clk 1:32:37]} Nf6 {[%clk
1:16:30]} 10. Bg5 {[%clk 1:32:18]} Be7 {[%clk 1:15:53]} 11. Nbd2 {[%clk
1:32:15]} O-O {[%clk 1:13:00]} 12. Rfe1 {[%clk 1:31:51]} c5 {[%clk 1:09:51]}
13. c4 {[%clk 1:28:24]} Bc6 {[%clk 1:06:26]} 14. Qc2 {[%clk 1:27:33]} a5 {[%clk
1:01:52]} 15. b3 {[%clk 1:26:47]} a4 {[%clk 1:01:12]} 16. Qc3 {[%clk 1:24:02]}
Nd7 {[%clk 0:43:16]} 17. Be3 {[%clk 1:23:03]} g6 {[%clk 0:39:43]} 18. h3 {[%clk
1:20:23]} f5 {[%clk 0:37:31]} 19. cxb5 {[%clk 1:19:35]} Bxb5 {[%clk 0:36:31]}
20. Nc4 {[%clk 1:18:56]} f4 {[%clk 0:31:53]} 21. Bd2 {[%clk 1:18:49]} Nb8
{[%clk 0:24:26]} 22. Reb1 {[%clk 1:16:16]} Nc6 {[%clk 0:22:48]} 23. bxa4 {[%clk
1:16:04]} Nd4 {[%clk 0:21:59]} 24. Nxd4 {[%clk 1:14:59]} cxd4 {[%clk 0:21:17]}
25. Qc1 {[%clk 1:13:32]} Bd7 {[%clk 0:19:26]} 26. Nb6 {[%clk 1:11:50]} Ra7
{[%clk 0:19:20]} 27. Nxd7 {[%clk 1:09:49]} Qxd7 {[%clk 0:19:33]} 28. a5 {[%clk
1:08:44]} f3 {[%clk 0:17:18]} 29. Bh6 {[%clk 1:04:13]} Rc7 {[%clk 0:15:56]} 30.
Qd1 {[%clk 1:00:40]} fxg2 {[%clk 0:14:36]} 31. Kxg2 {[%clk 1:00:53]} Ra8 {[%clk
0:09:56]} 32. Qb3+ {[%clk 0:55:55]} d5 {[%clk 0:07:43]} 33. Rc1 {[%clk
0:51:27]} Rb7 {[%clk 0:06:48]} 34. Qxd5+ {[%clk 0:50:24]} Qxd5 {[%clk 0:06:43]}
35. exd5 {[%clk 0:50:44]} g5 {[%clk 0:03:36]} 36. Rab1 {[%clk 0:48:17]} Rd7
{[%clk 0:03:00]} 37. Rb5 {[%clk 0:47:12]} Bd8 {[%clk 0:01:50]} 38. Rcc5 {[%clk
0:46:40]} Rda7 {[%clk 0:01:10]} 39. d6 {[%clk 0:46:10]} Bxa5 {[%clk 0:00:50]}
40. Rxe5 {[%clk 0:45:57]} Bd8 {[%clk 0:00:48]} 41. Rf5 {[%clk 0:43:46]} Rf7
{[%clk 0:28:15]} 42. Rxf7 {[%clk 1:13:36]} Kxf7 {[%clk 0:28:38]} 43. Bxg5
{[%clk 1:13:56]} Bxg5 {[%clk 0:24:45]} 44. Rxg5 {[%clk 1:14:01]} Ke6 {[%clk
0:24:39]} 45. Rg4 {[%clk 1:14:02]} Ra4 {[%clk 0:23:19]} 46. Kf3 {[%clk
1:13:32]} Kxd6 {[%clk 0:20:52]} 47. Rh4 {[%clk 1:13:25]} Ke5 {[%clk 0:19:48]}
48. Rxh7 {[%clk 1:13:10]} Rxa2 {[%clk 0:19:37]} 49. Rh5+ {[%clk 1:13:05]} Ke6
{[%clk 0:19:04]} 50. Ke4 {[%clk 1:10:30]} Rxf2 {[%clk 0:17:41]} 51. Kxd4 {[%clk
1:10:21]} Ra2 {[%clk 0:16:25]} 52. h4 {[%clk 1:08:30]} Ra4+ {[%clk 0:16:18]}
53. Ke3 {[%clk 1:08:43]} Rg4 {[%clk 0:15:42]} 54. d4 {[%clk 1:07:23]} Kd6
{[%clk 0:15:45]} 55. Rh8 {[%clk 1:06:05]} Kd5 {[%clk 0:15:04]} 56. h5 {[%clk
1:05:34]} Ke6 {[%clk 0:08:36]} 57. Kd3 {[%clk 1:01:47]} Rg5 {[%clk 0:06:07]}
58. h6 {[%clk 0:57:38]} Rh5 {[%clk 0:05:46]} 59. Kc4 {[%clk 0:56:34]} Rh4
{[%clk 0:04:16]} 60. Kc5 {[%clk 0:55:57]} Kd7 {[%clk 0:03:49]} 61. d5 {[%clk
0:55:39]} Rh1 {[%clk 0:03:38]} 62. Rh7+ {[%clk 0:55:43]} Ke8 {[%clk 0:03:24]}
63. Kd6 {[%clk 0:55:25]} Re1 {[%clk 0:03:14]} 64. Ra7 {[%clk 0:54:34]} Kf8
{[%clk 0:02:35]} 65. h7 {[%clk 0:54:40]} 1-0